| 000 | 00590nam a2200217Ia 4500 | ||
|---|---|---|---|
| 003 | OSt | ||
| 005 | 20220926044621.0 | ||
| 006 | a|||||r|||| 00| 0 | ||
| 007 | ta | ||
| 008 | 220923b |||||||| |||| 00| 0 eng d | ||
| 037 | _cGeneral Book | ||
| 040 |
_aRTL _cRTL _beng |
||
| 041 |
_2eng _aeng |
||
| 082 | _aX:54.20K678, N57r, GD | ||
| 110 | _aINDIA, COMMERCE AND INDUSTRY (M/O). | ||
| 245 | 0 | _aReport on Sudan, 1957 | |
| 260 | _c1957 | ||
| 700 | _aINDIA, COMMERCE AND INDUSTRY (M/O). | ||
| 942 |
_hX:54.20K678, N57r, GD _cGB _2CC |
||
| 999 |
_c675327 _d675327 |
||